| 000 | 00000nam 2200000zi 4500 |
| 001 | 9.950155 |
| 003 | CaOODSP |
| 005 | 20250821104900 |
| 006 | m o d f |
| 007 | cr cn||||||||| |
| 008 | 250415t20252025onc o f000 0 eng d |
| 020 | |a9780660769370 |
| 040 | |aCaOODSP|beng|erda|cCaOODSP |
| 043 | |an-cn--- |
| 086 | 1 |aH149-34/2-2025E-PDF|zH149-34/2-2025E |
| 245 | 04|aThe Tobacco and Vaping Products Act (TVPA) : |bvaping products and young persons. |
| 246 | 10|aVaping products and young persons |
| 264 | 1|a[Ottawa] : |bHealth Canada = Santé Canada, |c[2025] |
| 264 | 4|a©2025 |
| 300 | |a1 online resource (2 pages) |
| 336 | |atext|btxt|2rdacontent |
| 337 | |acomputer|bc|2rdamedia |
| 338 | |aonline resource|bcr|2rdacarrier |
| 500 | |aCaption title. |
| 500 | |aIncorrect catalogue number (H149-34/2-2025E) printed in this publication. |
| 500 | |aIssued also in French under title: La Loi sur le tabac et les produits de vapotage (LTPV) : les produits de vapotage et les jeunes. |
| 520 | |a"The following prohibitions under the Tobacco and Vaping Products Act (TVPA) have been implemented to protect young persons from inducements to use vaping products and the possible exposure to nicotine and dependence on nicotine which could results from the use of vaping products"--Page [1]. |
| 530 | |aIssued also in printed form. |
| 610 | 10|aCanada. |tTobacco and Vaping Products Act. |
| 650 | 0|aTobacco products|xLaw and legislation|zCanada. |
| 650 | 0|aVaping|xLaw and legislation|zCanada. |
| 650 | 0|aYouth|xTobacco use|zCanada. |
| 710 | 1 |aCanada. |bHealth Canada, |eissuing body. |
| 775 | 08|tLa Loi sur le tabac et les produits de vapotage (LTPV) : |w(CaOODSP)9.950157 |
| 776 | 0#|tThe Tobacco and Vaping Products Act : |w(CaOODSP)9.950156 |
| 856 | 40|qPDF|s93.6 KB|uhttps://publications.gc.ca/collections/collection_2025/sc-hc/H149-34-2-2025-eng.pdf |
| 986 | |a250018 |